[Event "Sao Bernardo do Campo op"]
[Site "Sao Bernardo do Campo"]
[Date "2012.10.16"]
[Round "5"]
[White "Cesar de Freitas, Paulo"]
[Black "Oliveira, Guilherme Martins"]
[Result "0-1"]
[WhiteElo "1800"]
[BlackElo "1757"]
[PlyCount "92"]
[EventDate "2012.09.14"]
[EventType "swiss"]
[EventRounds "6"]
[EventCountry "BRA"]
[SourceTitle "CBM 150 Extra"]
[Source "ChessBase"]
[SourceDate "2012.10.19"]
[SourceVersion "1"]
[SourceVersionDate "2012.10.19"]
[SourceQuality "1"]

1. d4 Nf6 2. c4 g6 3. Nc3 Bg7 4. Nf3 d6 5. e3 0-0 6. Be2 Nbd7 7. 0-0 e5 8. Qc2 c6 9. Rd1 Qe7 10. d5 c5 11. e4 Ne8 12. h3 f5 13. Bg5 Qf7 14. exf5 gxf5 15. Qd2 e4 16. Nh4 Ne5 17. Bh6 Bd7 18. Bxg7 Nxg7 19. f4 Ng6 20. Nxg6 hxg6 21. b3 Qf6 22. Qe3 Kf7 23. Kf2 Rh8 24. Rh1 Rh7 25. Rh2 Rhh8 26. Rhh1 Rh7 27. Rh2 Rah8 28. Rah1 Nh5 29. Bxh5 Rxh5 30. a4 Qd8 31. Ne2 a6 32. g3 R5h7 33. h4 Qf6 34. Qc3 Qd8 35. Ng1 Qf6 36. Qxf6+ Kxf6 37. Nh3 Rb8 38. Ke3 Rhh8 39. Kd2 b5 40. Kc3 bxa4 41. bxa4 Bxa4 42. Ra2 Rb3+ 43. Kd2 Rhb8 44. Rha1 Rb2+ 45. Kc1 Rxa2 46. Rxa2 Bb3 0-1

[Event "Sao Bernardo do Campo op"]
[Site "Sao Bernardo do Campo"]
[Date "2012.09.15"]
[Round "3"]
[White "Nascimento, Jose Eduardo Campos"]
[Black "Cesar de Freitas, Paulo"]
[Result "1-0"]
[WhiteElo "1866"]
[BlackElo "1800"]
[PlyCount "55"]
[EventDate "2012.09.14"]
[EventType "swiss"]
[EventRounds "6"]
[EventCountry "BRA"]
[SourceTitle "CBM 150 Extra"]
[Source "ChessBase"]
[SourceDate "2012.10.19"]
[SourceVersion "1"]
[SourceVersionDate "2012.10.19"]
[SourceQuality "1"]

1. e4 c5 2. Nf3 Nc6 3. c4 e6 4. Nc3 d6 5. b3 g6 6. Bb2 Bg7 7. a3 Nf6 8. Qc2 0-0 9. Ne2 e5 10. Nc3 Bg4 11. Nd5 Rc8 12. Be2 Nxd5 13. cxd5 Nd4 14. Bxd4 cxd4 15. Qd3 f5 16. Qb5 fxe4 17. Nxd4 Bxe2 18. Nxe2 b6 19. 0-0 Rc5 20. Qa4 Qa8 21. Nc3 Bh6 22. Qd7 Rd8 23. Qe6+ Kh8 24. Nxe4 Rxd5 25. Rac1 Re8 26. Qh3 Bg7 27. Rc7 Qd8 28. Rd7 1-0